Statystyki dla Najdalej wysunięte na południe państwa od A-Z

Kliknij tutaj aby rozwiązać quiz!

Ogólne statystyki

  • Ten quiz został rozwiązany 229 razy
    (201 od ostatniego zresetowania)
  • Średni wynik to 16 z 24

Statystyki odpowiedzi

LiteraMiejscePaństwo% Poprawnych
A55°S, 66°WArgentyna
91%
C55°S,67°WChile
90%
Ł55°N,26°EŁotwa
82%
O16°N,53°EOman
82%
U35°S,54°WUrugwaj
79%
B33°S,53°WBrazylia
78%
V20°S,169°EVanuatu
77%
Z22°S,30°EZimbabwe
77%
I11°S,122°EIndonezja
75%
N52°S,169°ENowa Zelandia
75%
P34°S,19°EPołudniowa Afryka
75%
F20°S,178°WFidżi
72%
D13°S,29°EDemokratyczna Republika Konga
67%
L30°S,28°ELesotho
67%
H12°N,87°WHonduras
66%
E3°N,39°EEkwador
62%
M26°S,33°EMozambik
56%
K11°S,151°WKiribati
55%
R2°S,29°ERwanda
54%
T10°S,51°ETonga
54%
J17°N,77°WJamajka
52%
W11°S,160°EWyspy Salomona
48%
G3°S,11°EGabon
46%
S27°S,31°ESuazi
44%

Rozkład punktacji

Percentyl według liczby udzielonych odpowiedzi

Procent ludzi z każdym wynikiem

Twoja historia wyników

Nie rozwiązałeś tego quizu od ostatniego zresetowania